|
|
|
|
| LEADER |
00000nam a2200000 a 4500 |
| 001 |
vtls010625310 |
| 003 |
SK-MaSNL |
| 005 |
20260301215225.0 |
| 008 |
250312s1973 xo o g 000 0dslo |
| 020 |
|
|
|q (brož.)
|
| 035 |
|
|
|a FA2EB1A7-A0DB-461F-836A-359AE87BC2E9
|
| 035 |
|
|
|a urn:nbn:sk:snk-amkcyu
|
| 035 |
|
|
|a urn:nbn:sk:snk-am003din
|
| 040 |
|
|
|a SNK
|b slo
|c SNK
|e AACR2
|
| 041 |
0 |
|
|a slo
|
| 044 |
|
|
|a xo
|c SK
|
| 072 |
|
7 |
|a 614.84
|x Požiare. Ochrana pred požiarmi
|2 konspekt
|
| 080 |
|
|
|a 614.84
|2 2001
|
| 080 |
|
|
|a (437.6)
|2 2001
|
| 080 |
|
|
|a (041)
|2 2001
|
| 100 |
1 |
|
|a Belica, Dezider
|4 aut
|9 604748
|
| 245 |
1 |
0 |
|a Sto rokov dobrovoľného požiarneho zboru v Jelšave
|c Dezider Belica, Ladislav Mikuš
|
| 250 |
|
|
|a [1.] vyd.
|
| 260 |
|
|
|a Jelšava
|b Základná organizácia zväzu požiarnej ochrany
|c 1973
|
| 300 |
|
|
|a 36 s., [3] s. obr. príl.
|b fotogr.
|c 21 cm
|
| 610 |
2 |
7 |
|a Dobrovoľný požiarny zbor (Jelšava, Slovensko)
|2 SNKKA
|9 487192
|
| 648 |
|
7 |
|a 1873-1973
|2 SNKPH
|9 421710
|
| 650 |
0 |
7 |
|a dejiny požiarnej ochrany
|2 SNKPH
|9 120861
|
| 655 |
|
7 |
|a brožúry
|2 SNKPH
|9 70146
|
| 700 |
1 |
|
|a Mikuš, Ladislav
|4 aut
|9 487191
|
| 852 |
|
|
|a Slovenská národná knižnica
|
| 958 |
|
|
|a OND
|
| 999 |
|
|
|c 927341
|d 929271
|
| 952 |
|
|
|a SNK
|b SNK
|y PREZ
|7 0
|p 17A0810611
|o snkSC 161179
|i snk2014/20195
|8 3
|g 1.00
|0 0
|1 0
|4 0
|d 2014-10-01
|f 1
|l 0
|r 2025-08-25 00:00:00
|w 2026-02-24
|